"Čo outsourcovať ?" Rozhodovanie sa podniku o vyčlenení podnikových činností
Pojem outsourcing pochádza z amerického hospodárstva a je zložený z pojmov "Outside Resource Using" (voľne preložené ako využívanie vonkajších zdrojov). Je to teda koncepcia, ktorá sa zakladá na odbere zdrojov z oblasti mimo podniku. Za outsourcing sa nepovažuje jednorazový výkon určitých činností,...
Na minha lista:
| Autor principal: | |
|---|---|
| Formato: | Capítulo de Livro |
| Idioma: | eslovaco |
| Assuntos: | |
| Tags: |
Sem tags, seja o primeiro a adicionar uma tag!
|
MARC
| LEADER | 00000nla$a2200000$$$4500 | ||
|---|---|---|---|
| 001 | 0067166 | ||
| 005 | 20240502071814.6 | ||
| 041 | 0 | |a slo | |
| 044 | |a SK | ||
| 245 | 1 | 0 | |a "Čo outsourcovať ?" Rozhodovanie sa podniku o vyčlenení podnikových činností |c Miroslava Milecová |
| 520 | |a Pojem outsourcing pochádza z amerického hospodárstva a je zložený z pojmov "Outside Resource Using" (voľne preložené ako využívanie vonkajších zdrojov). Je to teda koncepcia, ktorá sa zakladá na odbere zdrojov z oblasti mimo podniku. Za outsourcing sa nepovažuje jednorazový výkon určitých činností, je to dlhodobé, výsledkovo orientované partnerstvo, kde externý poskytovateľ služieb preberá a vykonáva činnosti tradične vykonávané v spoločnosti. Strategické rozhodovanie o outsourcingu. Najčastejšie faktory neúspechu outsourcingu v spoločnosti. Určenie súčasných hraníc organizácie a jej kľúčových činností. Kľúčové, kritické a podporné aktivity v podniku. Kritériá pre outsourcovanie podnikových činností. | ||
| 610 | 2 | 0 | |a podnik |
| 610 | 2 | 0 | |a procesy podnikové |
| 610 | 2 | 0 | |a outsourcing |
| 610 | 2 | 0 | |a rozhodovanie strategické |
| 100 | 1 | |a Milecová, Miroslava | |